| 000 | 00469nam a22001697a 4500 | ||
|---|---|---|---|
| 003 | NUST - PNEC | ||
| 005 | 20170116181147.0 | ||
| 008 | 151013b xxu||||| |||| 00| 0 eng d | ||
| 020 | _a- | ||
| 040 | _cLIBRARY | ||
| 082 | _a621.382 TEX | ||
| 100 |
_915128 _aTexas instruments |
||
| 245 |
_aTMS320C5x User's guide (Digital signal processing products) _cTexas instruments |
||
| 260 | _c1991 | ||
| 650 |
_915129 _aDigital Signal Processing _xEL, EE |
||
| 942 |
_2ddc _cBK |
||
| 999 |
_c70778 _d70778 |
||